000
00206 a2200097 4500
001
35154
100
_a
N A D
245
_a
Intekhab Sajjad haider
260
_a
Lahore
_b
Sange Meel
_c
090
_c
23298
_d
23298
942
_a
NUST-CAE
_c
M
_c
14778
999
_c
270227
_d
270227